Getting and keeping 'bums on seats' (Record no. 61687)

MARC details
000 -LEADER
fixed length control field 00989cam a2200253 4500
001 - CONTROL NUMBER
control field ABS61577
008 - FIXED-LENGTH DATA ELEMENTS--GENERAL INFORMATION
fixed length control field 000000n1999 000 0 eng u
035 ## - SYSTEM CONTROL NUMBER
System control number (Sirsi) u102699
100 ## - MAIN ENTRY--PERSONAL NAME
Personal name Turner, J.
245 ## - TITLE STATEMENT
Title Getting and keeping 'bums on seats'
260 ## - PUBLICATION, DISTRIBUTION, ETC.
Date of publication, distribution, etc. 1999
490 ## - SERIES STATEMENT
Series statement Building Intelligence
Volume/sequential designation November 1999, 4-5(2)
520 ## - SUMMARY, ETC.
Summary, etc. Reports on the growth of the entertainment sector as a sub-sector of non-residential building, a rise which has been put down in part to National Lottery funding and projects for the new Millennium. Considers other factors which may be at work, and suggests that the maintenance of customer demand may also be good news for the construction industry.
590 ## - LOCAL NOTE (RLIN)
Local note ABS
650 ## - SUBJECT ADDED ENTRY--TOPICAL TERM
Topical term or geographic name entry element LEISURE MARKET
650 ## - SUBJECT ADDED ENTRY--TOPICAL TERM
Topical term or geographic name entry element ENTERTAINMENT SECTOR
650 ## - SUBJECT ADDED ENTRY--TOPICAL TERM
Topical term or geographic name entry element CONSTRUCTION OUTPUT
650 ## - SUBJECT ADDED ENTRY--TOPICAL TERM
Topical term or geographic name entry element FORECASTS
650 ## - SUBJECT ADDED ENTRY--TOPICAL TERM
Topical term or geographic name entry element LOTTERY FUNDING
650 ## - SUBJECT ADDED ENTRY--TOPICAL TERM
Topical term or geographic name entry element MILLENNIUM
650 ## - SUBJECT ADDED ENTRY--TOPICAL TERM
Topical term or geographic name entry element SPORTS FACILITIES
690 ## - LOCAL SUBJECT ADDED ENTRY--TOPICAL TERM (OCLC, RLIN)
Topical term or geographic name as entry element LEISURE AND RECREATION
942 ## - ADDED ENTRY ELEMENTS (KOHA)
Suppress in OPAC 0
Holdings
Withdrawn status Lost status Source of classification or shelving scheme Damaged status Not for loan Home library Current library Shelving location Date acquired Total Checkouts Full call number Barcode Date last seen Copy number Price effective from Koha item type
    Dewey Decimal Classification     London London Journal article 24/11/1999   ABS61577 102699-1001 06/08/2019 1 06/08/2019 Journal article